| 000 | 00592nam a2200205 a 4500 | ||
|---|---|---|---|
| 005 | 20140414131846.0 | ||
| 008 | 040603s19uu xx 00 eng d | ||
| 020 | _a0-278-48247-3 | ||
| 050 |
_aM 420.7 _bC78 1980 |
||
| 100 | _aCoon, George E. | ||
| 245 |
_aAmerican book English / _cGeorge E. Coon and Barbara B. Cramer. |
||
| 260 |
_aLexington, MA : _bAmerican Book, _c1980. |
||
| 300 | _a176 p. : ill. ; cm. | ||
| 650 |
_aEnglish language _xStudy and teaching. |
||
| 650 |
_aReading _xStudy and teaching. |
||
| 999 |
_c109951 _d109951 |
||